000 01175cam a22003254a 4500
001 2157418
003 PILC
005 20150818122920.0
008 990308s2000 ilu 001 0 eng
010 _a 99024839
020 _a9780658000607
020 _a0658000608
040 _aDLC
_cDLC
_dDLC
042 _apcc
050 0 0 _aHD 59
_b.Sa315 2000
082 0 0 _aApSF 659.2
_bSa1 2000
100 1 _aSaffir, Leonard.
_91090
245 1 0 _aPower public relations :
_bhow to master the new PR /
_cLeonard Saffir.
250 _a2nd edition.
260 _aLincolnwood, Ill. :
_bNTC Business Books,
_c2000.
300 _a322 pages ;
_c24 cm.
500 _aIncludes index.
650 0 _aPublic relations.
_9889
856 4 2 _3Publisher description
_uhttp://www.loc.gov/catdir/description/mh023/99024839.html
856 4 2 _3Contributor biographical information
_uhttp://www.loc.gov/catdir/enhancements/fy0705/99024839-b.html
906 _a7
_bcbc
_corignew
_d1
_eocip
_f19
_gy-gencatlg
942 _2lcc
_cBK
999 _c14217
_d14217